Statystyki dla Do jakiego państwa ma najbliżej ta stolica? - Wersja losowa

Kliknij tutaj aby rozwiązać quiz!

Ogólne statystyki

  • Ten quiz został rozwiązany 111 razy
  • Średni wynik to 9 z 15

Statystyki odpowiedzi

StolicakmPaństwo% Poprawnych
Podgorica15Albania
100%
Ad-Dauha94Arabia Saudyjska
100%
Sana174Arabia Saudyjska
100%
Kuwejt64Arabia Saudyjska
100%
Asuncion13Argentyna
100%
Santiago65Argentyna
100%
Lublana35Austria
100%
Tbilisi43Azerbejdżan
100%
Paryż181Belgia
100%
Amsterdam94Belgia
100%
Moskwa399Białoruś
100%
Lima511Brazylia
100%
Ankara466Bułgaria
100%
Niamey87Burkina Faso
100%
Tajpej169Chiny
100%
Sarajewo56Czarnogóra
100%
Luanda321Demokratyczna
Republika Konga
100%
Bangi500 metrówDemokratyczna
Republika Konga
100%
Port-au-Price31Dominikana
100%
Addis Abeba399Dżibuti
100%
Ngerulmud870Filipiny
100%
Tallinn59Finlandia
100%
Sztokholm115Finlandia
100%
Luksemburg11Francja
100%
Sao Tome238Gabon
100%
Freetown64Gwinea
100%
Santo Domingo187Haiti
100%
Lizbona161Hiszpania
100%
Andora7Hiszpania
100%
Rabat251Hiszpania
100%
Algier353Hiszpania
100%
Bruksela47Holandia
100%
Islamabad163Indie
100%
Dili28Indonezja
100%
Muskat212Iran
100%
Aszchabad22Iran
100%
Bagdad120Iran
100%
Jerozolima32Jordania
100%
Malabo49Kamerun
100%
Waszyngton462Kanada
100%
Taszkent12Kazachstan
100%
Panama252Kolumbia
100%
Quito134Kolumbia
100%
Kinszasa7Kongo
100%
Tokio924Korea Południowa
100%
Skopje14Kosowo
100%
Managua120Kostaryka
100%
Hanoi131Laos
100%
Mińsk119Litwa
100%
Ryga67Litwa
100%
Tirana56Macedonia
Północna
100%
Port Louis896Madagaskar
100%
Dżakarta884Malezja
100%
Singapur7Malezja
100%
Bandar Seri
Begawan
8Malezja
100%
Harare208Mozambik
100%
Praga84Niemcy
100%
San Jose88Nikaragua
100%
Canberra1996Nowa Zelandia
100%
Abu Zabi126Oman
100%
Madryt261Portugalia
100%
Gaborone14Republika
Południowej Afryki
100%
Ułan-Bator196Rosja
100%
Nur-Sułtan328Rosja
100%
Bissau63Senegal
100%
Prisztina20Serbia
100%
Sofia51Serbia
100%
Konakry73Sierra Leone
100%
Wiedeń40Słowacja
100%
Hawana160Stany
Zjednoczone
100%
Meksyk731Stany
Zjednoczone
100%
Chartum367Sudan Południowy
100%
Kopenhaga22Szwecja
100%
Manila`806Tajwan
100%
Ateny218Turcja
100%
Erywań22Turcja
100%
Buenos Aires48Urugwaj
100%
Duszanbe50Uzbekistan
100%
Rzym50 metrówWatykan
100%
Bogota340Wenezuela
100%
Reykjavik1041Wielka Brytania
100%
San Marino2Włochy
100%
Watykan25 metrówWłochy
100%
Helsinki52Estonia
89%
Bukareszt48Bułgaria
86%
Kijów90Białoruś
83%
Katmandu63Chiny
80%
Monako600 metrówFrancja
75%
Belmopan41Gwatemala
75%
Bangkok143Mjanma
75%
Tunis134Algieria
67%
Manama36Arabia Saudyjska
67%
Brasilia1053Boliwia
67%
Brazzaville400 metrówDemokratyczna
Republika Konga
67%
Berno51Francja
67%
Paramaribo218Gujana
67%
Caracas511Kolumbia
67%
Kingston212Kuba
67%
Moroni291Mozambik
67%
Budapeszt37Słowacja
67%
Ottawa71Stany
Zjednoczone
67%
Trypolis155Tunezja
67%
Kabul85Pakistan
60%
Montevideo106Argentyna
50%
Wilno27Białoruś
50%
Kigali44Burundi
50%
Londyn138Francja
50%
Jaunde171Gabon
50%
Dakar159Gambia
50%
Bamako106Gwinea
50%
San Salvador66Honduras
50%
Amman36Izrael
50%
Biszkek20Kazachstan
50%
Pjongjang139Korea Południowa
50%
Antananarywa849Mozambik
50%
Maseru1Republika Południowej
Afryki
50%
Kingstown67Saint Lucia
50%
Zagrzeb21Słowenia
50%
Nassau292Stany
Zjednoczone
50%
Georgetown143Surinam
50%
Bejrut43Syria
50%
Wientian3Tajlandia
50%
Teheran291Turkmenistan
50%
Dżuba116Uganda
50%
Suva876Vanuatu
50%
Dublin79Wielka Brytania
50%
Dhaka71Indie
33%
Belgrad71Rumunia
33%
Roseau140Saint Lucia
33%
Tarawa2362Samoa
33%
Port of Spain36Wenezuela
33%
Thimpu67Chiny
25%
Majuro665Mikronezja
25%
Gwatemala93Salwador
25%
Akra139Togo
25%
Charlestown76Antigua
i Brabuda
0%
Port Moresby519Australia
0%
Wellington219Australia
0%
Bratysława4Austria
0%
Rijad405Bahrajn
0%
Windhuk301Botswana
0%
Sucre335Chile
0%
Maputo48Eswatini
0%
Asmara77Etiopia
0%
Port Villa936Fidżi
0%
Apia916Fidżi
0%
Funafuti848Fidżi
0%
Wagadugu148Ghana
0%
Lome300 metrówGhana
0%
Abidżan102Ghana
0%
Liberville69Gwinea Równikowa
0%
Kuala Lumpur111Indonezja
0%
Baku169Iran
0%
Kair319Izrael
0%
Abudża363Kamerun
0%
Ndżamena800 metrówKamerun
0%
Dodoma355Kenia
0%
Seul37Korea Północna
0%
Damaszek21Liban
0%
Victoria1057Madagaskar
0%
Warszawa147Mińsk
0%
Pekin562Mongolia
0%
Lilongwe54Mozambik
0%
New Delhi281Nepal
0%
Porto-Novo800 metrówNigeria
0%
Tegucigalpa55Nikaragua
0%
Honiara720Papua
Nowa-Gwinea
0%
Berlin59Polska
0%
Saint Jonh's73Saint Kitts
i Nevis
0%
Bridgetown158Saint Lucia
0%
Saint George's47Saint Vincent
i Grenadyny
0%
Castries71Saint Vincent
i Grenadyny
0%
Nawakszut173Senegal
0%
Praia644Senegal
0%
Bandżul15Senegal
0%
Monrovia96Sierra Leone
0%
Vaduz700 metrówSzwajcaria
0%
Oslo61Szwecja
0%
Naypyidaw187Tajlandia
0%
Gitega63Tanzania
0%
Nairobi122Tanzania
0%
Kampala149Tanzania
0%
Kiszyniów49Ukraina
0%
Phnom Pehn67Wietnam
0%
Yaren544Wyspy Marshalla
0%
Lusaka93Zimbabwe
0%

Rozkład punktacji

Percentyl według liczby udzielonych odpowiedzi

Procent ludzi z każdym wynikiem

Twoja historia wyników

Nie rozwiązałeś tego quizu